Loading...
| History - American | 0 | 6 | 2 | 1 | 50 | 73 | 102.33 | 0 | 0 | 0.00 | 0.00 |
| Science - Physics | 0 | 6 | 2 | 0 | 50 | 59 | 86.00 | 0 | 2 | 0.00 | 0.00 |
| History - Other | 0 | 5 | 0 | 0 | 50 | 90 | 108.20 | 0 | 2 | 0.00 | 0.00 |
| Science - Chemistry | 0 | 4 | 0 | 0 | 40 | 64 | 90.25 | 0 | 1 | 0.00 | 0.00 |
| History - World | 0 | 4 | 1 | 0 | 35 | 64 | 89.75 | 1 | 3 | 0.00 | 0.00 |
| Science - Other | 0 | 4 | 1 | 2 | 35 | 93 | 111.25 | 0 | 1 | 0.00 | 0.00 |
| History - European | 0 | 3 | 0 | 0 | 30 | 87 | 109.67 | 0 | 2 | 0.00 | 0.00 |
| Fine Arts - Classical Music | 0 | 2 | 0 | 1 | 20 | 123 | 123.50 | 0 | 0 | 0.00 | 0.00 |
| Mythology | 0 | 1 | 0 | 0 | 10 | 130 | 130.00 | 0 | 1 | 0.00 | 0.00 |
| Science - Biology | 0 | 1 | 0 | 0 | 10 | 85 | 85.00 | 0 | 1 | 0.00 | 0.00 |
| Geography | 0 | 1 | 0 | 0 | 10 | 106 | 106.00 | 0 | 0 | 0.00 | 0.00 |
| Social Science | 0 | 1 | 0 | 0 | 10 | 68 | 68.00 | 0 | 1 | 0.00 | 0.00 |
| Fine Arts - Painting and Sculpture | 0 | 1 | 1 | 0 | 5 | 111 | 111.00 | 0 | 0 | 0.00 | 0.00 |
| Fine Arts - Other | 0 | 0 | 1 | 0 | -5 | 0.00 | 0 | 0 | 0.00 | 0.00 |